Administration in Zambia (Record no. 33487)

MARC details
000 -LEADER
fixed length control field 00516nam a2200145 a 4500
008 - FIXED-LENGTH DATA ELEMENTS--GENERAL INFORMATION
fixed length control field 120416s1980 ||||||||||||||||| || u
020 ## - INTERNATIONAL STANDARD BOOK NUMBER
International Standard Book Number 0719007852
050 ## - LIBRARY OF CONGRESS CALL NUMBER
Classification number JQ 2826 Adm
100 ## - MAIN ENTRY--PERSONAL NAME
Personal name Tordoff, William
245 10 - TITLE STATEMENT
Title Administration in Zambia
Statement of responsibility, etc. edited by William Tordoff
260 ## - PUBLICATION, DISTRIBUTION, ETC.
Place of publication, distribution, etc. Manchester
Name of publisher, distributor, etc. Manchester University
Date of publication, distribution, etc. 1980
300 ## - PHYSICAL DESCRIPTION
Extent xi, 306p. : ill.
350 ## - PRICE (NR) (BK AM CF MU VM SE) [OBSOLETE]
Price 0.00
995 ## - RECOMMENDATION 995 [LOCAL, UNIMARC FRANCE]
-- 0.00
-- CBU-MAIN LIBRARY (Kitwe)
-- 1
-- 0.00
-- AVAILABLE
-- Zambiana Collection
Holdings
Withdrawn status Lost status Source of classification or shelving scheme Damaged status Not for loan Home library Current library Shelving location Date acquired Total Checkouts Full call number Barcode Date last seen Price effective from Koha item type
          CBU-MAIN LIBRARY, KITWE. CBU-MAIN LIBRARY, KITWE.   11/30/2022   JQ 2826 Adm 024173 11/30/2022 11/30/2022 MONOGRAPH